History of Marxism: Marxism in Marx’s day (Record no. 394683)

MARC details
000 -LEADER
fixed length control field 00503 a2200193 4500
005 - DATE & TIME
control field 20260313111219.0
008 - FIXED-LENGTH DATA ELEMENTS--GENERAL INFORMATION
fixed length control field 260312b |||||||| |||| 00| 0 eng d
020 ## - ISBN
International Standard Book Number 9789350027127
Price Rs. 695.00
040 ## - CATALOGING SOURCE
Original cataloging agency VIVEKANANDA LIBRARY
082 ## - DDC NUMBER
Classification number 335.409
Book Number H653H
100 ## - MAIN ENTRY--PERSONAL NAME
Personal name Hobsbawm. Eric J, ed.
245 ## - TITLE STATEMENT
Title History of Marxism: Marxism in Marx’s day
260 ## - PUBLICATION, DISTRIBUTION, ETC. (IMPRINT)
Name of publisher, distributor, etc Aakar Books
Place of publication, distribution, etc Delhi
Date of publication, distribution, etc 2021
300 ## - PHYSICAL DESCRIPTION
Pages xxi, 349
650 ## - Subject
Subject Economics
650 ## - Subject
Subject Marxism
650 ## - Subject
Subject Socialism Tradition
942 ## - ADDED ENTRY ELEMENTS (KOHA)
Koha item type Books
Holdings
Withdrawn status Lost status Source of classification or shelving scheme Damaged status Not for loan Location (home branch) Sublocation or collection (holding branch) Shelving location Date acquired Koha issues (times borrowed) Koha full call number Accession No. Koha date last seen Koha item type
    Dewey Decimal Classification     VIVEKANANDA LIBRARY VIVEKANANDA LIBRARY Vivekananda Library 18/02/2026   335.409 H653H 438462 18/02/2026 Books
© Designed and Maintained by Vivekananda Library, MDU Rohtak